00381pab a2200133 454500008004000000100001800040245007700058260000900135300001300144362001100157650002400168700002100192773003400213180718b2015 xxu||||| |||| 00| 0 eng d aShaban, Abdul aTrend in the creative sector: comparing India with China, Brazil, and UK c2015 ap.68-75. a16 May aInternational trade aVermeylem, Filip aEconomic and Political Weekly